| 000 | 00794cab a2200229 4500 | ||
|---|---|---|---|
| 001 | WB3307-03 | ||
| 008 | 090401t1997 xxu||||| |||| 00| 0 eng d | ||
| 035 | _a(Sirsi) u49381 | ||
| 041 | _aeng | ||
| 245 | _aNew working time laws | ||
| 260 | _c1997 | ||
| 350 | _a0 | ||
| 490 |
_aHealth Safety and Environment Bulletin _v(254) February 1997, 3(1) |
||
| 520 | _aLooks at the new working time laws in the European Directive (No 93/104/EC) and how the DTI proposes their implementation in a new consultation document. (DTI free tel 0171-215 5757). | ||
| 650 | _aDTI CONSULTATION DOCUMENT | ||
| 650 | _aEUROPEAN DIRECTIVE (NO 93/104/EC) | ||
| 650 | _aWORKING HOURS | ||
| 650 | _aWORKING TIME LAWS | ||
| 690 | _aBUILT ENVIRONMENT-BUILDING STANDARDS | ||
| 942 | _n0 | ||
| 948 | _c04/03/1997 | ||
| 999 |
_c30900 _d30900 |
||